Caperucita Roja / (Registro nro. 9307)

Detalles MARC
000 -LIDER
fixed length control field 00673nam a22002417a 4500
001 - NÚMERO DE CONTROL
Identificador de número de control 0186
003 - IDENTIFICACDOR DE NÚMERO DE CONTROL
control field DO-SdBNP
005 - DATE AND TIME OF LATEST TRANSACTION
control field 20170112111904.0
007 - CAMPOS FIJOS DE DESCRIPCIÓN FÍSICA
fixed length control field 0186
008 - ELEMENTOS DE LONGITUD FIJA
fixed length control field 151005b 200 19uu sp 00| 0 spa d
040 ## - FUENTE DE CATALOGACIÓN
Agencia que crea de manera original el registro BPMSU
Idioma de catalogación spa
Agencia que realiza la transcripción BPMSU
082 #4 - NÚMERO DE CLASIFICACIÓN DECIMAL DE DEWEY
Classification number 863.4
Item number P454c
245 00 - MENCIÓN DE TITULO
Título Caperucita Roja /
260 ## - PUBLICACIÓN, DISTRIBUCIÓN, ETC. (PIE DE IMPRENTA)
Lugar de publicación, distribución, etc Bilbao, España :
-- Monterrey, Mexico :
Nombre del editor, distribuidor, etc. Vasco Americana,
-- Entretenlibros,
Fecha de publicación, distribución, etc [19--].
300 ## - DESCRIPCIÓN FÍSICA
Extensión 12 p :
Otros detalles físicos il.
Dimensiones 28 cm.
490 1# - MENCIÓN DE SERIES
Mención de serie Pequeños álbunes "Elsa"
Volume/sequential designation 5
650 #4 - ENCABEZAMIENTO DE MATERIA--TEMÁTICO
Término temático o nombre geográfico como elemento de entrada CUENTOS INFANTILES FRANCESES
650 #4 - ENCABEZAMIENTO DE MATERIA--TEMÁTICO
Término temático o nombre geográfico como elemento de entrada LITERATURA INFANTIL FRANCESA
830 #0 - ASIENTO SECUNDARIO DE SERIE--TÍTULO UNIFORME
Título uniforme Pequeños álbumes "Elsa"
Número de la parte o sección de una obra 5
910 ## - VALIDACIÓN
Validación 144
942 ## - ADDED ENTRY ELEMENTS (KOHA)
Source of classification or shelving scheme Dewey Decimal Classification
Koha item type Libros
956 ## - LOCAL ELECTRONIC LOCATION AND ACCESS (OCLC)
Nombre de host Yngrid Lockward
Existencias
Withdrawn status Lost status Source of classification or shelving scheme Damaged status Not for loan Collection code Home library Current library Date acquired Source of acquisition Total Checkouts Full call number Barcode Date last seen Price effective from Koha item type
    Dewey Decimal Classification     Colección Infantil General Biblioteca Pública Metropolitana Salomé Ureña Biblioteca Pública Metropolitana Salomé Ureña 03/18/2016 Donación   863 P454c BPMSU16030187 03/18/2016 03/18/2016 Libros